1963 1442 1790 1288 1879 1839 1724 1080 1673 1057 1845 1695 1787 1543 1530 1264 1982 1643 1113 1150 1507 1615 1573 1845 1020 1453 1900 1556 1030 1629 1671 1052 1599 1424 1628 1705 1565 1365 1015 1384 1112 1903 1984 1698 1559 1575 1218 1883 1323 1530 1882 1085 1555 1585 1661 1608 1805 1785 1970 1804 1809 1758 1006 1845 1946 1281 1610 1274 1818 1736 1827 1251 1855 1421 1518 1352 1603 1353 1749 1939 1572 1523 1585 1346 1655 1881 1426 1113 1167 1104 1759 1011 1566 1970 1562 1010 1126 1315 1329 BCNSPRNW ULIB Ver.6.0+V

เปลี่ยนเป็นภาษาไทย

Change to English
 แสดงรายละเอียดบรรณานุกรม
  กลับหน้าหลัก

Brief Record : Get Marc (ISO 2709) : E-mail record : QR code < ปิดหน้าต่าง
LEADER : 00000nam 2200000uu 4500
001    13399111580
003     ULIB
008    110701s||||||||th 000 0 tha d
020    9786169005452
041 1  tha^heng
050  4 BQ4570^bบ351ศ 2552
100 1  วอลเลซ, บี. อลัน
245 10 ศาสตร์แห่งภาวนา :^bการหลอมรวมพุทธศาสนากับประสาทวิทยา =^bContemplative science : where Buddhism and neuroscience conberge /^cบี. อลัน วอลเลซ, เขียน ; เพชรรัตน์ พงษ์เจริญสุข, แปล ; พจนา จันทรสันติ, บรรณาธิการ
246 31 Contemplative science :^bwhere Buddhism and neuroscience conberge
250    พิมพ์ครั้งที่ 1
260    กรุงเทพฯ :^bสวนเงินมีมา,^c2552
300    301 หน้า :^bภาพประกอบ ;^c21 ซม.
440  0 ชุดกระบวนทัศน์ใหม่
650  7 ประสาทวิทยา^xแง่ศาสนา^xพุทธศาสนา
650  7 พุทธศาสนา^xแง่จิตวิทยา
650  7 ศาสนากับการแพทย์
650  7 ภาวนา
700 0  เพชรรัตน์ พงษ์เจริญสุข,^eผู้แปล
700 0  พจนา จันทรสันติ,^eบรรณาธิการ
945    ^p300^l0^i028428
995    ทศพร
999 ^a ใช้งานได้ทุกระบบ
รายการนี้ยังไม่มีแท็ก
คุณยังไม่ได้ล็อกอิน คุณสามารถมีกิจกรรมร่วมกับเว็บไซต์ได้ แต่ต้องล็อกอินก่อน ::
  ล็อกอิน

รายการสื่อสารสนเทศ

ลำดับที่ ประเภท เลขเรียก/บาร์โค้ด สถานที่ สถานะ
- ไม่พบข้อมูล -

รายการใกล้เคียง
    ผู้แต่ง [วอลเลซ, บี. อลัน]

    หัวเรื่อง [ศาสนากับการแพทย์]
    หัวเรื่อง [ภาวนา]

BibComment


ยังไม่เคยถูกคอมเมนท์

คอมเมนท์ทรัพยากรรายการนี้
  คอมเมนท์: ศาสตร์แห่งภาวนา ..


 Copyright 2026. Bcnsprnw @Library